Expert Flags - Isolated entities abroad - Statistics

General Stats
  • This quiz has been taken 13 times
  • The average score is 25 of 54
Answer Stats
Picture Hint Answer % Correct
Greenland
92%
Bonaire
83%
Gibraltar
83%
American Samoa
75%
Christmas Island
75%
Curaçao
75%
Faroe Islands
75%
Guam
75%
New Caledonia
75%
Puerto Rico
75%
United States Virgin Islands
75%
Aruba
67%
French Polynesia
67%
Niue
67%
Azores
58%
Canary Islands
58%
Cocos (Keeling) Islands
58%
French Guiana
58%
Norfolk island
58%
Coat of arms Svalbard
58%
Anguilla
50%
Cook Islands
50%
Guadeloupe
50%
Montserrat
50%
Réunion
50%
Saint Pierre and Miquelon
50%
Sint Maarten
50%
British Indian Ocean Territory
42%
Falkland Islands
42%
Coat of arms Mayotte
42%
Sint Eustatius
42%
Tokelau
42%
Wallis and Futuna
42%
British Virgin Islands
33%
Ceuta
33%
Madeira
33%
Melilla
33%
Saba
33%
Saint Helena
33%
Turks and Caicos Islands
33%
Bermuda
25%
British Antarctic Territory
25%
Cayman Islands
25%
Coat of arms Collectivity of Saint Martin
25%
Martinique
25%
Pitcairn Islands
25%
Coat of arms Saint Barthélemy
25%
South Georgia and the South Sandwich Islands
25%
Tristan da Cunha
25%
Unofficial Akrotiri and Dhekelia
17%
Ascension Island
17%
Unofficial Clipperton Island
17%
French Southern and Antarctic Lands
17%
Coat of arms Jan Mayen
8%
No matching quizzes found
Score Distribution
Percent of People with Each Score
Percentile by Number Answered
Your Score History
You have not taken this quiz